000 00561nam a2200193Ia 4500
003 GCL
008 140319s9999 xx 000 0 eng d
040 _aGCL /
_cGCL
082 0 4 _a306. 809
_bC M
100 1 _aCLARK, DAVID (EDIT)
245 1 0 _aMARRIAGE, DOMESTIC LIFE & SOCIAL CHANGE: WRITINGS FOR JACQUELINE BURGOYNE 1944- 88 /
_cCLARK, DAVID (EDIT)
260 _a[S.N] :
_bROUTLEDGE ،
_c1991
300 _a267 P.
650 0 4 _aMARRIAGE
650 0 4 _aGREAT BRITAIN
650 0 4 _aFAMILY
650 0 4 _aGREAT BRITAIN - SOCIAL CONDITION
942 _2ddc
_cBK
999 _c20662
_d20662